|
|
|
|
| LEADER |
01062nam a22003017a 4500 |
| 001 |
38347 |
| 003 |
BD-DhAAL |
| 008 |
220411t1952 nyu 001 p eng d |
| 999 |
|
|
|c 44037
|d 44037
|
| 020 |
|
|
|a 0671496107
|
| 020 |
|
|
|a 9780671496104
|
| 020 |
|
|
|a 0671826395
|
| 020 |
|
|
|a 9780671826390
|
| 020 |
|
|
|a 0671419080
|
| 020 |
|
|
|a 9780671419080
|
| 040 |
|
|
|a BD-DhAAL
|c BD-DhAAL
|
| 082 |
|
|
|a 808.81
|2 23
|
| 245 |
|
|
|a Immortal poems of the English language :
|b an anthology /
|c edited by Oscar Williams.
|
| 260 |
|
|
|a New York :
|b Pocket Books,
|c 1952.
|
| 300 |
|
|
|a 637 pages ;
|c 18 cm.
|
| 500 |
|
|
|a Includes index.
|
| 541 |
|
|
|a Donated By Akbar Ali Khan
|e 38347
|
| 650 |
|
|
|a English poetry.
|9 47878
|
| 650 |
|
|
|a American poetry.
|9 47879
|
| 700 |
|
|
|a Williams, Oscar,
|d 1900-1964.
|9 47880
|
| 852 |
|
|
|a Ayesha Abed Library
|c Akbar Ali Khan Collection
|
| 942 |
|
|
|2 ddc
|c BK
|
| 952 |
|
|
|0 0
|1 0
|2 ddc
|4 0
|6 808_810000000000000_IMM
|7 1
|9 70487
|a BRACUL
|b BRACUL
|c AAKC
|d 2022-04-11
|e Donated by Akbar Ali Khan
|l 2
|m 3
|o 808.81 IMM
|p 3010038347
|r 2024-07-07
|s 2024-07-07
|t 1
|w 2022-04-11
|y BK
|